000 00575cam a2200169 4500500
005 20260322013640.0
041 _afre
042 _adc
100 1 0 _aMalacria, Max
_eauthor
700 1 0 _aGoddard, Jean-Philippe
_eauthor
700 1 0 _aOllivier, Cyril
_eauthor
245 0 0 _aChemistry and sustainable development
260 _c2026.
500 _a68
786 0 _nEco-design and sustainable innovation | - | 2026-03-05 | p. 9-9
856 4 1 _uhttps://stm.cairn.info/eco-design-implementation-and-applications--bdti42650210-ik1200-page-9?lang=en&redirect-ssocas=7080
999 _c1782508
_d1782508